| 000 | 00744nam a2200145 a 4500 | ||
|---|---|---|---|
| 008 | 210107s2020 ||||||||||||||||| || u | ||
| 020 | _a9789211391794 | ||
| 050 | _aUNECE(058)ADR/2020B | ||
| 110 | _aUnited Nations Economic Commission for Europe (UNECE) | ||
| 245 | 1 | 0 |
_aAgreement concerning the international carriage of dangerous goods by road. Volume II : ADR, applicable as from 1 January 2021 : _cBy United Nations Economic Commission for Europe(UNECE) |
| 260 |
_aNew York _bUNITED NATIONS _c2020 |
||
| 300 | _aix, 628 pages : illustrations | ||
| 650 | _aHARZADOUS SUBSTANCES--TRANSPORTATION | ||
| 995 |
_FCBU-MAIN LIBRARY (Kitwe) _M1 _UAVAILABLE _WApr 1, 2021 _ZInternational Publications |
||
| 999 |
_c33895 _d33895 |
||